000 007090000a22001210004500
100 1 _aGarcés, Hugo.
245 1 0 _aLa reserva en la donación de gametos y el derecho a la identidad del hijo concebido a través de las T.P.H.A
300 _ano.1 (2010), p. 5-12
520 _aLos desarrollos científicos, en especial en la medicina reproductiva, han posibilitado resolver las dificultades físicas y/o sociales a nivel de la procreación con el uso de técnicas de procreación humana asistida. La utilización de gametos donados como alternativa de procrear, tiene implicaciones que requieren un estudio juicioso desde el campo del derecho.
650 1 4 _aIDENTIDAD
773 0 _tForo autónomo
942 _cANA
999 _c63445
_d63445